Loading...
| Thought - Social Science | 0 | 4 | 0 | 0 | 40 | 77 | 91.00 | 0 | 4 |
| Beliefs - Religion | 2 | 1 | 0 | 0 | 40 | 52 | 65.33 | 3 | 3 |
| History - Other History | 1 | 1 | 0 | 0 | 25 | 48 | 81.00 | 1 | 2 |
| Science - Biology | 0 | 4 | 3 | 0 | 25 | 94 | 108.25 | 2 | 4 |
| Literature - World Lit | 0 | 2 | 0 | 1 | 20 | 86 | 107.00 | 0 | 2 |
| Other - Other Academic | 1 | 0 | 0 | 0 | 15 | 51 | 51.00 | 1 | 1 |
| History - American History | 1 | 0 | 0 | 0 | 15 | 42 | 42.00 | 1 | 1 |
| Arts - Painting | 0 | 1 | 0 | 0 | 10 | 128 | 128.00 | 0 | 1 |
| Other - Pop Culture | 0 | 1 | 0 | 1 | 10 | 149 | 149.00 | 0 | 1 |
| Beliefs - Mythology | 0 | 1 | 0 | 0 | 10 | 137 | 137.00 | 0 | 1 |
| Literature - American Lit | 0 | 1 | 0 | 0 | 10 | 145 | 145.00 | 1 | 1 |
| Science - Physics | 0 | 1 | 0 | 0 | 10 | 117 | 117.00 | 0 | 1 |
| History - World History | 0 | 1 | 1 | 0 | 5 | 114 | 114.00 | 1 | 1 |
| Science - Chemistry | 0 | 1 | 1 | 0 | 5 | 84 | 84.00 | 1 | 1 |
| Science - Other Science | 0 | 0 | 0 | 0 | 0 | 0.00 | 0 | 0 |